ՀՀ Գիտությունների ազգային ակադեմիայի հիմնարար գիտական գրադարան  =   Fundamental Scientific Library of NAS RA

Մարդիկ և մեքենաները ։ (Record no. 527369)

MARC details
000 -LEADER
fixed length control field 01648nam a2200289 a 4500
001 - CONTROL NUMBER
control field 1823183
003 - CONTROL NUMBER IDENTIFIER
control field AM-YEHGA
005 - DATE AND TIME OF LATEST TRANSACTION
control field 20250618080115.0
008 - FIXED-LENGTH DATA ELEMENTS--GENERAL INFORMATION
fixed length control field 220311s2022 ai o|||gr|||||||||0|arm|d
020 ## - INTERNATIONAL STANDARD BOOK NUMBER
International Standard Book Number 9789939884455
040 ## - CATALOGING SOURCE
Original cataloging agency AM-YeHGA
041 1# - LANGUAGE CODE
Language code of text/sound track or separate title arm
Language code of original rus
090 ## - LOCALLY ASSIGNED LC-TYPE CALL NUMBER (OCLC); LOCAL CALL NUMBER (RLIN)
-- 565356
100 1# - MAIN ENTRY--PERSONAL NAME
Personal name Պոմիգալով, Ալեքսեյ
245 10 - TITLE STATEMENT
Title Մարդիկ և մեքենաները ։
Remainder of title Հայկական առաջին համակարգիչների ստեղծման պատմությունը = Люди и машины : История создания первых армянских компьютеров /
Statement of responsibility, etc. Ա․ Պոմիգալով, Ա․ Անդրեև, Ի․ Կորոբով ; Թարգմանությունը ռուսերենից՝ Դ․ Սարգսյանի ; [Գլխավոր խմբագիր՝ Գ․ Նալբանդյան ; Սրբագրիչ՝ Ն․ Հովակիմյան]․
246 15 - VARYING FORM OF TITLE
Title proper/short title Люди и машины
Remainder of title История создания первых армянских компьютеров
260 ## - PUBLICATION, DISTRIBUTION, ETC.
Place of publication, distribution, etc. Երևան :
Name of publisher, distributor, etc. Newmag,
Date of publication, distribution, etc. 2022.
300 ## - PHYSICAL DESCRIPTION
Extent 137 էջ ։
Other physical details լուսանկ. ;
Dimensions 21 սմ․
650 14 - SUBJECT ADDED ENTRY--TOPICAL TERM
Topical term or geographic name entry element Տեղեկատվական տեխնոլոգիաներ
9 (RLIN) 5308
650 14 - SUBJECT ADDED ENTRY--TOPICAL TERM
Topical term or geographic name entry element Հաշվողական տեխնիկա և ավտոմատացված համակարգեր
General subdivision Պատմություն
Geographic subdivision Հայաստան
700 1# - ADDED ENTRY--PERSONAL NAME
Personal name Անդրեև, Ալեքսանդր
700 1# - ADDED ENTRY--PERSONAL NAME
Personal name Կորոբով, Իլյա
700 1# - ADDED ENTRY--PERSONAL NAME
Personal name Նալբանդյան, Գնել
Relator term խմբ.
Relationship edt
9 (RLIN) 8882
700 1# - ADDED ENTRY--PERSONAL NAME
Personal name Սարգսյան, Դավիթ
Relator term թարգմ.
Relationship trl
9 (RLIN) 3377
700 1# - ADDED ENTRY--PERSONAL NAME
Personal name Հովակիմյան, Նարինե
Relator term սրբագրիչ
Relationship crr
942 ## - ADDED ENTRY ELEMENTS (KOHA)
Source of classification or shelving scheme Universal Decimal Classification
Koha item type Գրքեր / Books
Holdings
Withdrawn status Lost status Source of classification or shelving scheme Damaged status Not for loan Collection Home library Current library Date acquired Total checkouts Full call number Barcode Date last seen Price effective from Koha item type Public note
    Universal Decimal Classification     General Fundamental Scientific Library Fundamental Scientific Library 21/03/2023   AII/109754 FL0678535 21/03/2023 21/03/2023 Գրքեր / Books 30 Days Loan


ՀՀ ԳԱԱ հիմնարար գիտական գրադարան
ՀՀ,Երևան 0019
Մարշալ Բաղրամյան 24/6
հեռախոս:(374-10) 52-47-50
Հետադարձ կապ

All site content, except where otherwise noted, is licensed under a
Creative Commons License